Quale città del mondo? - Statistics

Statistiche generali
  • Questo quiz è stato fatto 118 volte
  • Il punteggio medio è 11 su 20
Statistiche sulle risposte
Indizio Città % Corretto
Città in cui si trova il quartiere di Hollywood L Los Angeles
98%
Fondata nel 753 a.C R Roma
87%
Ospita il celebre "Oktoberfest" M Monaco di Baviera
84%
Capitale odierna che sorge nei pressi dell'antica città di Babilonia B Baghdad
69%
Ha ospitato la finale del campionato mondiale di calcio nel 2010 J Johannesburg
68%
Metropoli situata nella zona dei Grandi Laghi che ospita la CN Tower T Toronto
65%
Città presso la quale fu redatta la prima Enciclopedia P Parigi
62%
Città colpita dal Grande incendio del 1666 L Londra
60%
Metropoli in cui si trova la celebre Opera House S Sydney
58%
Città natale di Giuseppe Ungaretti A Alessandria d'Egitto
55%
Capitale situata alla maggior altitudine (3.640 m.s.l.m.) L La Paz
52%
Città presso la quale si rifugiò Chiang Kai-shek dopo aver perso la guerra civile T Taipei
44%
Era conosciuta con il nome "Edo" fino al 1868 quando divenne capitale T Tokyo
44%
Ex colonia britannica oggi Regione autonoma speciale H Hong Kong
42%
Situata sul Lago Vittoria e poco più a nord dell'equatore K Kampala
40%
Capitale nota anche come "Baile Átha Cliath" D Dublino
34%
Vi avvenne il colpo di Stato del 1973 presso il Palazzo della Moneda S Santiago del Cile
34%
Città sacra sulle rive del Fiume Gange V Varanasi
34%
Centro urbano più popoloso dell'Amazzonia M Manaus
28%
Soprannominata "Città delle vele" è il centro urbano più grande dell'intera Polinesia A Auckland
15%
Nessun quiz corrispondente trovato
Distribuzione punteggi
Percentuale di utenti per punteggio
Percentile per numero di risposta
I tuoi punteggi nel tempo
Non hai fatto questo quiz